| 000 | 00738nam a2200217 i 4500 | ||
|---|---|---|---|
| 001 | 33933 | ||
| 003 | ES-MaACL | ||
| 005 | 20260129170019.0 | ||
| 007 | t| | ||
| 008 | 030203s1958 sp |00110 spa d | ||
| 100 | 1 |
_aBochenski, Joseph M. _929672 |
|
| 245 | 1 | 3 |
_aEl materialismo dialéctico / _cJoseph M. Bochenski ; [traducción de Raimundo Drudis Baldrich]. |
| 260 |
_aMadrid : _bRialp, _c1958 ( _fA.G. Benzal) |
||
| 300 |
_a267 p. ; _c19 cm. |
||
| 490 | 1 |
_aBiblioteca del pensamiento actual ; _v86 |
|
| 650 | 0 | 7 |
_aMaterialismo dialéctico _2embne _914849 |
| 700 | 1 |
_aDrudis Baldrich, Raimundo. _945680 |
|
| 830 | 1 |
_aBiblioteca del pensamiento actual _v86 _9181187 |
|
| 852 |
_aES-MaACL _jC-15532 |
||
| 999 |
_c33933 _d33933 |
||